El proceso Ferrer y la opinión europea. (Record no. 144549)

MARC details
000 -LEADER
campo de control de longitud fija 00941nam a2200241 i 4500
001 - NÚMERO DE CONTROL
campo de control 144549
003 - IDENTIFICADOR DE NÚMERO DE CONTROL
campo de control ES-MaACL
005 - FECHA Y HORA DE LA ÚLTIMA TRANSACCIÓN
campo de control 20260130105621.0
007 - CAMPO FIJO DE DESCRIPCIÓN FÍSICA--INFORMACIÓN GENERAL
campo de control de longitud fija t|
008 - DATOS DE LONGITUD FIJA--INFORMACIÓN GENERAL
campo de control de longitud fija 070214s1910 sp r ||||1| spa d
100 1# - ENTRADA PRINCIPAL--NOMBRE DE PERSONA
Nombre de persona Simarro Lacabra, Luis,
Fechas asociadas al nombre 1851-1921
9 (RLIN) 106463
245 13 - MENCIÓN DEL TÍTULO
Título El proceso Ferrer y la opinión europea.
Número de parte o sección de la obra I,
Nombre de parte o sección de la obra El proceso /
Mención de responsabilidad, etc. por L. Simarro.
260 ## - PUBLICACIÓN, DISTRIBUCIÓN, ETC.
Lugar de publicación, distribución, etc. Madrid :
Nombre del editor, distribuidor, etc. [s.n.],
Fecha de publicación, distribución, etc. 1910 (
Fabricante Imp. de Eduardo Arias)
300 ## - DESCRIPCIÓN FÍSICA
Extensión XIV, 655 p. ;
Dimensiones 22 cm.
500 ## - NOTA GENERAL
Nota general Índice.
505 8# - NOTA DE CONTENIDO CON FORMATO
Nota de contenido con formato Contiene: Los sucesos de Barcelona ; Ferrer en Barcelona ; La bola de nieve ; La persecución ; El proceso
530 ## - NOTA DISPONIBLE DE FORMULARIO FÍSICO ADICIONAL
Nota de formato físico adicional disponible Disponible en formato digital.
600 14 - PUNTO DE ACCESO ADICIONAL DE MATERIA--NOMBRE DE PERSONA
Nombre de persona Ferrer i Guàrdia, Francesc,
Fechas asociadas al nombre 1859-1909
9 (RLIN) 242588
852 ## - LOCALIZACIÓN
Encuadernación
Ubicación R-2455
Ubicación en estantería Depósito 1
Signatura antigua Olim: G-2923
Marcas de propiedad ES-MaACL
856 4# - LOCALIZACIÓN Y ACCESO ELECTRÓNICOS
Identificador Uniforme de Recursos <a href="https://archive.org/details/elprocesoferrery01ferr/page/n9/mode/2up">https://archive.org/details/elprocesoferrery01ferr/page/n9/mode/2up</a>
Texto de enlace Internet Archive
942 ## - ELEMENTOS DE ENTRADA SECUNDARIOS (KOHA)
Fuente del sistema de clasificación o colocación Clasificación decimal universal
Holdings
Estatus retirado Estado de pérdida Estado de daño No para préstamo Colección Biblioteca de origen Biblioteca actual Ubicación en estantería Fecha de adquisición Fuente de adquisición Total de préstamos Signatura topográfica completa Código de barras Visto por última vez Precio de reemplazo Tipo de ítem Koha
        Colección digital Biblioteca del Ateneo de Madrid Biblioteca del Ateneo de Madrid Depósito 17/01/2008     R-2455 1150479 23/02/2023 23/02/2023 Libro impreso